|
|
|
|
| LEADER |
01035nab#a2200349#ar4500 |
| 001 |
000101913 |
| 003 |
SVKKK |
| 005 |
20101021071446.0 |
| 008 |
080707d1906 xo |||||||||||||||b|hun |
| FMT |
|
|
|
| 038 |
|
|
|a SVKKK
|
| 040 |
|
|
|a SVKKK
|b slo
|e AACR2
|
| 041 |
0 |
|
|a hun
|
| 044 |
|
|
|a xo
|c SK
|
| 080 |
|
|
|a 7.025.4:351.758.5
|2 1997
|
| 080 |
|
|
|a 351.758.5
|2 1997
|
| 242 |
1 |
0 |
|a Reštaurovanie kostola
|y slo
|
| 245 |
1 |
0 |
|a Templom restauráció
|
| 500 |
|
|
|a Dohľadanie
|
| 520 |
2 |
|
|a Reštaurovanie humenského rímskokatolíckeho kostola sa môže začať. Výberové konanie bolo v januári 1906 ukončené
|
| 610 |
2 |
4 |
|a kostol rímskokatolícky (Humenné, Slovensko)
|
| 650 |
0 |
4 |
|a reštaurovanie kostola
|x výberové konanie ukončené
|z Sátoraljaújhely (Slovensko/Maďarsko)
|y 1906
|
| 655 |
|
4 |
|a hungariká
|
| 773 |
0 |
|
|t Zemplén : Politikai hirlap
|g Roč. 34, č. 7 (24.01.1906) s. 3
|
| 957 |
|
|
|a Humenné
|
| 958 |
|
|
|a DG
|
| 958 |
|
|
|a HU
|
| 974 |
|
|
|a Ba
|
| 992 |
|
|
|a RBX
|
| 997 |
|
|
|d Humenné
|
| BAS |
|
|
|
| 998 |
|
|
|a RETRO
|